000 00489nam a2200169Ia 4500
003 OSt
005 20210107112442.0
008 190216s9999||||xx |||||||||||||| ||und||
040 _coclc
082 _a894.812301
_bRAM/V
100 _aRamanunni, K P
_96841
245 0 _aVidhathavinte Chiri /
_cK P Ramanunni
260 _bPoorna Publications,
_aKozhikode:
_c1999.
300 _a112p
650 _aKathakal
942 _cBK
_2ddc
_h894.812301
_iRAM/V
_k894.812301
_mRAM/V
999 _c27906
_d27906